000
00254 a2200109 4500
001
63325
082
_a
623.893KAP
090
_c
37369
_d
37369
100
_a
Kaplan,E.D
245
_a
Understanding GPS Principles and application
260
_b
Artech House
942
_a
NUST-CAE
_k
623.893KAP
999
_c
298398
_d
298398